| 000 | 00575nam a2200217Ia 4500 | ||
|---|---|---|---|
| 001 | 13154 | ||
| 003 | GE_BSU | ||
| 008 | 181216s||||||||xx |||||||||||||| ||und|| | ||
| 040 | _cGE_BSU | ||
| 080 | _a631.4 | ||
| 100 | _aРубин,С.С | ||
| 245 | _aСодержание почвы в саду | ||
| 245 | _cРед.Б.Я.Кривошлык | ||
| 260 | _aМосква | ||
| 260 | _bСельхозгиз | ||
| 260 | _c1954 | ||
| 300 | _a512стр.20см. | ||
| 300 | _cБиблиогр.с.499-506 | ||
| 653 | _aСодержание почвы в саду | ||
| 942 | _cBK | ||
| 999 |
_c46318 _d46318 |
||